| 000 | 00638nam a2200241Ia 4500 | ||
|---|---|---|---|
| 001 | 47392 | ||
| 005 | 20240114003829.0 | ||
| 007 | ta | ||
| 008 | 090428s1935 a g b000 u 465 u | ||
| 040 | _aCotton College Assam | ||
| 041 | _a465 | ||
| 082 |
_a291.17 _bB 912 R |
||
| 100 | _aBurgh, W. G. de . | ||
| 245 | 0 |
_aThe Relations of Morality to Religion / _cW. G. de Burgh. _hTextual Documents |
|
| 250 | _a1st ed / | ||
| 260 |
_aLondon : _bBritish Academy , _c1935. |
||
| 300 |
_a27p : _bill. ; _c23 cm . |
||
| 653 | _aReligion | ||
| 653 | _aT/G-Religion | ||
| 942 |
_2ddc _cBK |
||
| 999 |
_c47357 _d47357 |
||